LoL Zitate - Statistiken

Allgemein
  • Dieses Quiz wurde 457 mal gespielt
  • Das Durchschnittsergebnis liegt bei 5 aus 16
Antwortstatistiken
Zitat Champion % Korrekt
Ich habe die Sterne kreiert um das ewige Nichts zu erleuchten und Sterbliche nutzen sie als Beziehungsratgeber?! Aurelion Sol
82%
Sorry Jungs, die flauschigen Handschellen liegen zuhause. Caitlyn
61%
In meinen Adern fließt Salzwasser. Pyke
60%
Du siehst wie unzerkratzte Möbel aus! Yuumi
54%
Tageslicht ist zu hell, die Nacht zu dunkel. Ich mag's lieber bunt! Zoe
42%
Da sieht man mal wieder, dass du nichts weiter als ein Whiskey Delta bist! Corki
40%
Ja, es ist wahr. Für nur 2,95 pro Minute nehme ich euch den Atem. Janna
28%
Ich bring' Pistolen zur Messerstecherei! Jinx
25%
Ich hab' keine Hosen an! Oh oh. So fühlen sich also die Alpträume der Menschen an. Lillia
25%
Ich wusste, ich hätte auf die Klingengarantie bestehen sollen. Riven
22%
Es gibt Leben. Es gibt Tod. Und es gibt mich. Thresh
20%
Schieß beim nächsten mal dorthin, wo ich sein werde! Ekko
16%
Wenn ich traurig bin, hör ich einfach damit auf und bin stattdessen super drauf. Wahre Geschichte. Rakan
15%
Es gibt keine Erlösung von der Dunkelheit, denn die Dunkelheit bin ich. Viego
14%
Ich habe Fell. Es ist weich. Keine Umarmungen! Ornn
11%
Bist du Schuster? Weil du so eine flotte Sohle auf's Parkett legst. Seraphine
11%
Keine übereinstimmenden Quizze gefunden
Verteilung der Resultate
Anzahl Personen mit jedem Resultat
Perzentil nach korrekt beantworteten Fragen
Ihre Resultats-Entwicklung
Sie haben dieses Quiz noch nicht gespielt